[Event "POL-chT 53rd"]
[Site "Krynica"]
[Date "1997.10.02"]
[Round "8"]
[White "Sikora Gizynska, Bozena"]
[Black "Rajlich, Iweta"]
[Result "0-1"]
[WhiteElo "2165"]
[BlackElo "2447"]
[PlyCount "114"]
[EventDate "1997.09.25"]
[EventType "team-tourn"]
[EventRounds "11"]
[EventCountry "POL"]
[SourceTitle "EXT 2019"]
[Source "ChessBase"]
[SourceDate "2018.10.10"]
[SourceVersion "1"]
[SourceVersionDate "2018.10.10"]
[SourceQuality "1"]
[WhiteTeam "Bielsko-Biala Wlokniarz"]
[BlackTeam "Gorzow Wielkopolski Stilon"]
[WhiteTeamCountry "POL"]
[BlackTeamCountry "POL"]

1. e4 e6 2. d4 d5 3. exd5 exd5 4. Nf3 Bd6 5. Bd3 Ne7 6. 0-0 Nbc6 7. c3 Bg4 8. Be3 Qd7 9. Nbd2 h6 10. b4 0-0 11. Re1 Ng6 12. h3 Bf5 13. Bxf5 Qxf5 14. Nb3 b6 15. Nc1 a5 16. b5 Nd8 17. a4 f6 18. Qd3 Qxd3 19. Nxd3 Nf7 20. Bd2 Rfe8 21. Rxe8+ Rxe8 22. Kf1 Kf8 23. Nfe1 Ke7 24. Nc2 Kd7 25. Ne3 Ne7 26. Rb1 Ng5 27. f3 Ne6 28. Kf2 Nf4 29. Nxf4 Bxf4 30. Nf1 g5 31. g3 Bd6 32. Ne3 f5 33. Ng2 Ng8 34. g4 fxg4 35. hxg4 Re6 36. Ne3 Bf4 37. Nf1 Ne7 38. Bc1 Ng6 39. Ba3 Nh4 40. Bc1 c6 41. Bxf4 gxf4 42. Nd2 Ng2 43. c4 Ne3 44. cxd5 cxd5 45. Rh1 Nc2 46. Rh5 Nb4 47. Kf1 Kc7 48. Re5 Rxe5 49. dxe5 Nd3 50. e6 Nc5 51. e7 Kd7 52. Ke2 Kxe7 53. Nb1 Nxa4 54. Kd3 Kd6 55. Kd4 Nc5 56. Nc3 Ne6+ 57. Kd3 Kc5 0-1

[Event "POL-chT 53rd"]
[Site "Krynica"]
[Date "1997.09.25"]
[Round "1"]
[White "Erenska Barlo, Hanna"]
[Black "Sikora Gizynska, Bozena"]
[Result "1-0"]
[WhiteElo "2235"]
[BlackElo "2165"]
[PlyCount "87"]
[EventDate "1997.09.25"]
[EventType "team-tourn"]
[EventRounds "11"]
[EventCountry "POL"]
[SourceTitle "EXT 2019"]
[Source "ChessBase"]
[SourceDate "2018.10.10"]
[SourceVersion "1"]
[SourceVersionDate "2018.10.10"]
[SourceQuality "1"]
[WhiteTeam "Poznan Pocztowiec"]
[BlackTeam "Bielsko-Biala Wlokniarz"]
[WhiteTeamCountry "POL"]
[BlackTeamCountry "POL"]

1. e4 c5 2. c3 Nc6 3. d4 cxd4 4. cxd4 d5 5. exd5 Qxd5 6. Be3 e6 7. a3 Nf6 8. Nf3 Qa5+ 9. Nbd2 a6 10. b4 Qd8 11. Qc2 Be7 12. Bc4 Bd7 13. 0-0 Rc8 14. Qa2 0-0 15. h3 h6 16. Ne5 Be8 17. Ndf3 Nd5 18. Bxd5 Qxd5 19. Qxd5 exd5 20. Rfc1 Bd6 21. Bf4 Rd8 22. Nd3 Bxf4 23. Nxf4 Bd7 24. Nd3 Bc8 25. Nc5 Rd6 26. Rc3 Na7 27. Rac1 Re8 28. a4 f6 29. Nd3 Bd7 30. Rc7 Bxa4 31. Rxb7 Nc6 32. Nf4 Bb5 33. Nh5 g5 34. Ng3 Red8 35. Nf5 R6d7 36. Rb6 Nxb4 37. Rxf6 Nd3 38. Ra1 Rh7 39. Ne5 Nxe5 40. dxe5 Bd3 41. Nxh6+ Kg7 42. Nf7 Rf8 43. Nxg5 Rhh8 44. f4 1-0

[Event "POL-chT 52nd"]
[Site "Augustow"]
[Date "1996.12.07"]
[Round "11"]
[White "Rajlich, Iweta"]
[Black "Sikora Gizynska, Bozena"]
[Result "1-0"]
[WhiteElo "2270"]
[BlackElo "2185"]
[PlyCount "135"]
[EventDate "1996.11.27"]
[EventType "team-tourn"]
[EventRounds "11"]
[EventCountry "POL"]
[SourceTitle "EXT 2019"]
[Source "ChessBase"]
[SourceDate "2018.10.10"]
[SourceVersion "1"]
[SourceVersionDate "2018.10.10"]
[SourceQuality "1"]
[WhiteTeam "Warszawa Maraton"]
[BlackTeam "Bielsko-Biala Wlokniarz"]
[WhiteTeamCountry "POL"]
[BlackTeamCountry "POL"]

1. d4 Nf6 2. c4 e6 3. Nc3 d5 4. Bg5 Be7 5. e3 c6 6. cxd5 exd5 7. Bd3 Nbd7 8. Qc2 0-0 9. Nge2 Re8 10. 0-0-0 Nf8 11. Ng3 Qa5 12. h4 Be6 13. Kb1 c5 14. dxc5 Qxc5 15. Nf5 Bxf5 16. Bxf5 Rad8 17. Ne2 Qxc2+ 18. Bxc2 Ng4 19. Rhf1 Bxg5 20. hxg5 Ne6 21. Bf5 Ne5 22. Nd4 g6 23. Bxe6 fxe6 24. Rc1 Kf7 25. Rh1 Kg8 26. Rc7 Rd7 27. Rhc1 Rde7 28. b3 a6 29. f3 Kf8 30. Rxe7 Rxe7 31. Rc8+ Kg7 32. f4 Nf7 33. Nf3 Nd6 34. Rd8 Nf7 35. Rb8 Nd6 36. Ne5 Re8 37. Rxe8 Nxe8 38. Kc2 Nc7 39. Kd3 h6 40. gxh6+ Kxh6 41. g4 g5 42. Nf7+ Kg6 43. Nxg5 e5 44. Nh3 Kf6 45. Ng1 Ne6 46. fxe5+ Kxe5 47. Nf3+ Kd6 48. b4 b6 49. a3 a5 50. Nd4 Ng5 51. Ke2 axb4 52. axb4 Nf7 53. Kf3 Ke5 54. Nc6+ Kd6 55. b5 Ke6 56. Kf4 Kf6 57. Nb4 Ke6 58. Na6 d4 59. exd4 Kd5 60. Ke3 Nh6 61. Nc7+ Kd6 62. Ne8+ Ke7 63. g5 Nf5+ 64. Ke4 Ng3+ 65. Kf4 Ne2+ 66. Ke3 Nc3 67. Nc7 Kd7 68. Kd3 1-0

[Event "POL-chT 50th"]
[Site "Lubniewice"]
[Date "1994.??.??"]
[Round "7"]
[White "Jaracz, Barbara"]
[Black "Sikora Gizynska, Bozena"]
[Result "1-0"]
[WhiteElo "2085"]
[BlackElo "2170"]
[PlyCount "157"]
[EventDate "1994.09.22"]
[EventType "team-tourn"]
[EventRounds "11"]
[EventCountry "POL"]
[SourceTitle "EXT 2019"]
[Source "ChessBase"]
[SourceDate "2018.10.10"]
[SourceVersion "1"]
[SourceVersionDate "2018.10.10"]
[SourceQuality "1"]
[WhiteTeam "Jasien LKS ZPD"]
[BlackTeam "Bielsko-Biala Wlokniarz"]
[WhiteTeamCountry "POL"]
[BlackTeamCountry "POL"]

1. e4 c5 2. Nf3 Nc6 3. d4 cxd4 4. Nxd4 e5 5. Nb5 d6 6. N1c3 a6 7. Na3 b5 8. Nd5 Rb8 9. c4 b4 10. Nc2 Be7 11. Be2 Nf6 12. Nxf6+ Bxf6 13. Bg4 0-0 14. 0-0 a5 15. Ne3 Nd4 16. Nd5 Bg5 17. f4 Bxg4 18. Qxg4 Bxf4 19. Bxf4 exf4 20. Rxf4 Kh8 21. Raf1 f6 22. Kh1 Qc8 23. Qd1 Ne6 24. Rh4 Qe8 25. Qg4 Ng5 26. Qe2 f5 27. Qh5 Qxh5 28. Rxh5 fxe4 29. Nf4 e3 30. Ng6+ Kg8 31. Nxf8 e2 32. Re1 Rxf8 33. Kg1 Rf5 34. Rh4 Re5 35. Rd4 Nf7 36. Rd2 g6 37. Rdxe2 Rc5 38. Re8+ Kg7 39. R8e7 Kf8 40. Ra7 Ne5 41. b3 h5 42. Rd1 Nc6 43. Rc7 Nd4 44. Rxc5 dxc5 45. Re1 Kf7 46. Re5 Ne6 47. Kf2 Kf6 48. Rd5 Nf4 49. Rd8 Ke5 50. g3 Ne6 51. Re8 Kf5 52. Ke3 g5 53. h3 h4 54. gxh4 gxh4 55. Rxe6 Kxe6 56. Kf4 Kf6 57. Kg4 Ke5 58. Kxh4 Kd4 59. Kg4 Kc3 60. h4 Kb2 61. h5 Kxa2 62. h6 a4 63. h7 axb3 64. h8Q b2 65. Qa8+ Kb1 66. Kf4 Kc1 67. Qh1+ Kc2 68. Qe4+ Kc1 69. Qe1+ Kc2 70. Qe2+ Kb3 71. Qd1+ Ka2 72. Qa4+ Kb1 73. Ke3 Kc1 74. Qd7 Kc2 75. Qd3+ Kc1 76. Qd2+ Kb1 77. Qd1+ Ka2 78. Qa4+ Kb1 79. Kd3 1-0

[Event "POL-chT 50th"]
[Site "Lubniewice"]
[Date "1994.??.??"]
[Round "10"]
[White "Sikora Gizynska, Bozena"]
[Black "Erenska Barlo, Hanna"]
[Result "1/2-1/2"]
[WhiteElo "2170"]
[BlackElo "2225"]
[PlyCount "74"]
[EventDate "1994.09.22"]
[EventType "team-tourn"]
[EventRounds "11"]
[EventCountry "POL"]
[SourceTitle "EXT 2019"]
[Source "ChessBase"]
[SourceDate "2018.10.10"]
[SourceVersion "1"]
[SourceVersionDate "2018.10.10"]
[SourceQuality "1"]
[WhiteTeam "Bielsko-Biala Wlokniarz"]
[BlackTeam "Poznan Pocztowiec"]
[WhiteTeamCountry "POL"]
[BlackTeamCountry "POL"]

1. e4 c5 2. Nf3 a6 3. d4 cxd4 4. Nxd4 Nf6 5. Nc3 e5 6. Nf3 Bb4 7. Bd2 d6 8. Bd3 Nbd7 9. 0-0 0-0 10. a3 Bxc3 11. Bxc3 Nc5 12. Re1 Qc7 13. Bb4 Bg4 14. h3 Bh5 15. a4 b6 16. Bxc5 dxc5 17. b3 Rfd8 18. Qe2 Rd7 19. Qe3 Bxf3 20. Qxf3 a5 21. Rad1 Rad8 22. Bb5 Rxd1 23. Rxd1 Rxd1+ 24. Qxd1 g6 25. f3 Kg7 26. g3 Qe7 27. Kg2 Nh5 28. Qd2 h6 29. Bc4 Qg5 30. Qxg5 hxg5 31. Bd3 Kf6 32. Kf2 Ke7 33. c3 f6 34. Be2 Ng7 35. Bc4 f5 36. g4 Kf6 37. Ke3 f4+ 1/2-1/2

[Event "POL-chT 50th"]
[Site "Lubniewice"]
[Date "1994.??.??"]
[Round "5"]
[White "Szmigielska, Anna"]
[Black "Sikora Gizynska, Bozena"]
[Result "1-0"]
[WhiteElo "2170"]
[BlackElo "2170"]
[PlyCount "75"]
[EventDate "1994.09.22"]
[EventType "team-tourn"]
[EventRounds "11"]
[EventCountry "POL"]
[SourceTitle "EXT 2019"]
[Source "ChessBase"]
[SourceDate "2018.10.10"]
[SourceVersion "1"]
[SourceVersionDate "2018.10.10"]
[SourceQuality "1"]
[WhiteTeam "Legnica Miedz"]
[BlackTeam "Bielsko-Biala Wlokniarz"]
[WhiteTeamCountry "POL"]
[BlackTeamCountry "POL"]

1. e4 c5 2. Nf3 Nc6 3. d4 cxd4 4. Nxd4 e5 5. Nb5 d6 6. Be3 Be7 7. N1c3 a6 8. Nd5 axb5 9. Bb6 Qd7 10. Nc7+ Kf8 11. Nxa8 Nf6 12. Bxb5 Nxe4 13. 0-0 h5 14. f4 exf4 15. Rxf4 d5 16. c4 Bg5 17. Rf3 d4 18. Bxc6 Qxc6 19. Qxd4 Bg4 20. Rff1 Rh6 21. Rae1 Nd6 22. Qc5 Bh4 23. Qxc6 bxc6 24. g3 Bf6 25. b3 h4 26. Bc5 Be7 27. Rf4 Rg6 28. Nc7 Bd7 29. Kg2 hxg3 30. hxg3 Rg5 31. b4 Rg6 32. a4 Rh6 33. a5 Bh3+ 34. Kf2 g5 35. Rd4 Bf5 36. a6 Rh2+ 37. Kg1 Rh3 38. Rxe7 1-0

[Event "Katowice Fibak op"]
[Site "Katowice"]
[Date "1993.??.??"]
[Round "8"]
[White "Sikora Gizynska, Bozena"]
[Black "Gorbatov, Alexej"]
[Result "0-1"]
[WhiteElo "2180"]
[BlackElo "2385"]
[PlyCount "88"]
[EventDate "1993.01.??"]
[EventType "swiss"]
[EventRounds "9"]
[EventCountry "POL"]
[SourceTitle "EXT 1998"]
[Source "ChessBase"]
[SourceDate "1997.11.17"]
[SourceVersion "1"]
[SourceVersionDate "1997.11.17"]
[SourceQuality "1"]

1. e4 e5 2. Nf3 Nc6 3. Bc4 d6 4. c3 g6 5. 0-0 Bg7 6. d4 Qe7 7. dxe5 Nxe5 8. Nxe5 dxe5 9. Be3 Nf6 10. f3 0-0 11. b4 b6 12. Qb3 a5 13. a4 Bb7 14. Na3 Rfd8 15. Rfd1 Rxd1+ 16. Rxd1 Bf8 17. Nb5 Kg7 18. Rb1 Bc6 19. Qd1 Be8 20. Kh1 c6 21. Na3 axb4 22. cxb4 b5 23. Bc5 Qd7 24. Bxf8+ Kxf8 25. Qxd7 Bxd7 26. Bb3 bxa4 27. Bc4 Ke7 28. Kg1 Ne8 29. Kf2 Nd6 30. Ke3 f5 31. exf5 gxf5 32. Kd3 Be6 33. Bxe6 Kxe6 34. Rc1 Ra6 35. g4 Rb6 36. gxf5+ Kxf5 37. Kc3 Nb5+ 38. Kb2 Nd4 39. Rc4 Nxf3 40. Nc2 e4 41. Ka3 Kf4 42. h3 h5 43. Kxa4 Ra6+ 44. Kb3 Nd2+ 0-1

[Event "POL-chT 49th"]
[Site "Lubniewice"]
[Date "1993.??.??"]
[Round "5"]
[White "Sikora Gizynska, Bozena"]
[Black "Zietek Czerwonska, Beata"]
[Result "1-0"]
[WhiteElo "2185"]
[BlackElo "2135"]
[PlyCount "65"]
[EventDate "1993.09.23"]
[EventType "team-tourn"]
[EventRounds "11"]
[EventCountry "POL"]
[SourceTitle "TD"]
[Source "ChessBase"]
[SourceDate "1994.03.01"]
[SourceVersion "1"]
[SourceVersionDate "1994.03.01"]
[SourceQuality "1"]
[WhiteTeam "Bielsko-Biala Wlokniarz"]
[BlackTeam "Legnica Miedz"]
[WhiteTeamCountry "POL"]
[BlackTeamCountry "POL"]

1. e4 d6 2. d4 Nf6 3. Nc3 g6 4. Nf3 Bg7 5. Be2 0-0 6. 0-0 c6 7. a4 b6 8. Be3 Bb7 9. Nd2 e5 10. dxe5 dxe5 11. Nc4 Qe7 12. Qd6 Qxd6 13. Nxd6 Ba6 14. a5 Bxe2 15. axb6 axb6 16. Rxa8 Bxf1 17. Kxf1 Nbd7 18. Ra7 Rd8 19. Rc7 c5 20. f3 Bf8 21. Nc4 Rb8 22. Nb5 h5 23. Bg5 Re8 24. Rb7 Re6 25. Bxf6 Nxf6 26. Rxb6 Rxb6 27. Nxb6 Kg7 28. Ke2 Be7 29. Kd3 Bd8 30. Na4 Nd7 31. Kc4 Be7 32. Kd5 Kf8 33. Na7 1-0

[Event "POL-chT 48th"]
[Site "Rewal"]
[Date "1992.09.21"]
[Round "4"]
[White "Sikora Gizynska, Bozena"]
[Black "Kaczorowska, Barbara"]
[Result "0-1"]
[WhiteElo "2165"]
[BlackElo "2200"]
[PlyCount "108"]
[EventDate "1992.09.19"]
[EventType "team-tourn"]
[EventRounds "11"]
[EventCountry "POL"]
[SourceTitle "EXT 2019"]
[Source "ChessBase"]
[SourceDate "2018.10.10"]
[SourceVersion "1"]
[SourceVersionDate "2018.10.10"]
[SourceQuality "1"]
[WhiteTeam "Bielsko-Biala Wlokniarz"]
[BlackTeam "Gorzow Wielkopolski Stilon"]
[WhiteTeamCountry "POL"]
[BlackTeamCountry "POL"]

1. e4 c6 2. d4 d5 3. e5 Bf5 4. Nf3 e6 5. Be2 c5 6. 0-0 Nd7 7. c3 Ne7 8. dxc5 Nc6 9. b4 Ndxe5 10. Nd4 Bxb1 11. Rxb1 Be7 12. f4 Nd7 13. f5 e5 14. Nf3 e4 15. Nd4 0-0 16. Be3 Nce5 17. Rb2 Rc8 18. Rd2 Bg5 19. Nc2 Bxe3+ 20. Nxe3 b6 21. Nxd5 f6 22. Ba6 Rb8 23. c6 Nxc6 24. Nf4 b5 25. Rxd7 Qb6+ 26. Kh1 Qxa6 27. Qd5+ Kh8 28. Ne6 Rg8 29. Nc5 Qb6 30. Qxe4 Ne5 31. Rd4 Rge8 32. Re1 h6 33. Ne6 Rbc8 34. Nf4 Qa6 35. Qe3 Qxa2 36. Ne6 Qc2 37. Qg3 Rg8 38. Nc5 Qxf5 39. Ra1 a5 40. h3 axb4 41. cxb4 Nc6 42. Rf4 Qd5 43. Nd3 Rgd8 44. Rf3 Ra8 45. Rc1 Ra3 46. Qc7 Rxd3 47. Rxd3 Qxd3 48. Qxc6 Rd4 49. Qc5 Rc4 50. Qf8+ Kh7 51. Ra1 Qd4 52. Rf1 Rxb4 53. Rxf6 Rb1+ 54. Rf1 Qd3 0-1

[Event "POL-ch (Women)"]
[Site "Swieradow"]
[Date "1992.??.??"]
[Round "12"]
[White "Dabrowska, Krystyna"]
[Black "Sikora Gizynska, Bozena"]
[Result "1-0"]
[WhiteElo "2220"]
[BlackElo "2225"]
[PlyCount "113"]
[EventDate "1992.??.??"]
[EventType "tourn"]
[EventRounds "13"]
[EventCountry "POL"]
[SourceTitle "EXT 2000"]
[Source "ChessBase"]
[SourceDate "1999.11.16"]
[SourceVersion "1"]
[SourceVersionDate "1999.11.16"]
[SourceQuality "1"]

1. e4 c5 2. Nf3 e6 3. d4 cxd4 4. Nxd4 Nc6 5. Nc3 Qc7 6. g3 a6 7. Bg2 d6 8. 0-0 Be7 9. Re1 Bd7 10. Nxc6 Bxc6 11. Qg4 h5 12. Qe2 b5 13. a3 h4 14. Bf4 hxg3 15. hxg3 Qb7 16. Rad1 e5 17. Bc1 Nf6 18. Nd5 Bxd5 19. exd5 Rc8 20. Rd3 Nd7 21. Rb3 Qc7 22. Rc3 Qb7 23. Rxc8+ Qxc8 24. Qg4 Bf6 25. Be4 Nb6 26. Qxc8+ Nxc8 27. Be3 Bd8 28. b3 Nb6 29. Rc1 g6 30. c4 bxc4 31. bxc4 Na4 32. Bc2 Nc5 33. Rb1 Bc7 34. Bxc5 dxc5 35. Rb7 Kd7 36. Ba4+ Kd6 37. Ra7 a5 38. Ra6+ Ke7 39. d6+ Bxd6 40. Rxa5 Rb8 41. Ra7+ Kf6 42. Bb5 Rc8 43. Ra6 Ke6 44. a4 Rc7 45. a5 e4 46. Kg2 Ke5 47. Bc6 f5 48. Bd5 Re7 49. Rc6 Ra7 50. a6 Rd7 51. Rc8 Ra7 52. Bb7 Kd4 53. Rd8 Ke5 54. g4 Be7 55. Re8 Ke6 56. Ra8 Rxa8 57. Bxa8 1-0

[Event "POL-chT 48th"]
[Site "Rewal"]
[Date "1992.??.??"]
[Round "5"]
[White "Erenska Barlo, Hanna"]
[Black "Sikora Gizynska, Bozena"]
[Result "1/2-1/2"]
[WhiteElo "2275"]
[BlackElo "2165"]
[PlyCount "90"]
[EventDate "1992.09.19"]
[EventType "team-tourn"]
[EventRounds "11"]
[EventCountry "POL"]
[SourceTitle "EXT 2004"]
[Source "ChessBase"]
[SourceDate "2003.11.25"]
[SourceVersion "1"]
[SourceVersionDate "2003.11.25"]
[SourceQuality "1"]
[WhiteTeam "Poznan Pocztowiec"]
[BlackTeam "Bielsko-Biala Wlokniarz"]
[WhiteTeamCountry "POL"]
[BlackTeamCountry "POL"]

1. e4 c5 2. Nf3 e6 3. d4 cxd4 4. Nxd4 Nf6 5. Nc3 d6 6. g3 Nc6 7. Bg2 Bd7 8. 0-0 Nxd4 9. Qxd4 Bc6 10. Ne2 Be7 11. c4 0-0 12. Bd2 Rc8 13. Rfd1 a6 14. a4 Nd7 15. Bc3 e5 16. Qe3 Qc7 17. Bb4 a5 18. Bd2 f5 19. b3 Nc5 20. f3 fxe4 21. fxe4 Rf7 22. Rab1 Rcf8 23. Nc3 h6 24. Be1 Bg5 25. Qe2 Qb6 26. Kh1 Qd8 27. Nd5 Ne6 28. Bc3 Rf2 29. Qe1 b6 30. Rb2 Rxb2 31. Bxb2 Nc5 32. h4 Be7 33. Qe3 Bxd5 34. Rxd5 Qc8 35. Ba3 Qe6 36. Kh2 Qf6 37. Rd2 Qg6 38. Bf3 Qe6 39. Re2 Kh8 40. Kg2 Kh7 41. Re1 Qg6 42. Rh1 Ne6 43. Bb2 Nc5 44. Ba3 Ne6 45. Bb2 Nc5 1/2-1/2

[Event "Wisla BES op"]
[Site "Wisla"]
[Date "1992.??.??"]
[Round "8"]
[White "Grabarczyk, Miroslaw"]
[Black "Sikora Gizynska, Bozena"]
[Result "1/2-1/2"]
[WhiteElo "2315"]
[BlackElo "2225"]
[PlyCount "91"]
[EventDate "1992.??.??"]
[EventType "swiss"]
[EventRounds "9"]
[EventCountry "POL"]
[SourceTitle "TD"]
[Source "ChessBase"]
[SourceDate "1994.03.01"]
[SourceVersion "1"]
[SourceVersionDate "1994.03.01"]
[SourceQuality "1"]

1. d4 d5 2. Nf3 e6 3. c4 Nf6 4. g3 dxc4 5. Bg2 Nc6 6. Qa4 Nd7 7. Qxc4 Nb6 8. Qd3 e5 9. Nxe5 Nb4 10. Qc3 Qxd4 11. 0-0 Qxc3 12. Nxc3 f6 13. Nf3 c6 14. a3 N4d5 15. Nxd5 Nxd5 16. Nd4 Bc5 17. Nb3 Bb6 18. Bxd5 cxd5 19. Be3 Bxe3 20. fxe3 Bg4 21. Rfc1 0-0 22. Rc7 Rf7 23. Rac1 Raf8 24. Nd4 Rxc7 25. Rxc7 Rf7 26. Rc5 Rd7 27. Kf2 Kf7 28. Ke1 Ke7 29. Kd2 Kd6 30. Rc8 a6 31. b4 Re7 32. Rd8+ Rd7 33. Rh8 h6 34. Nb3 Rc7 35. Rd8+ Ke5 36. Nc5 Bf5 37. Nd3+ Bxd3 38. exd3 f5 39. h3 Ke6 40. d4 Rc6 41. Re8+ Kf6 42. Re5 Rd6 43. a4 Rb6 44. Kc3 Re6 45. Rxe6+ Kxe6 46. Kd3 1/2-1/2

[Event "Prague Bohemians (Women)"]
[Site "Prague"]
[Date "1992.??.??"]
[Round "9"]
[White "Grinfeld, Alla B"]
[Black "Sikora Gizynska, Bozena"]
[Result "1/2-1/2"]
[WhiteElo "2230"]
[BlackElo "2225"]
[PlyCount "64"]
[EventDate "1992.??.??"]
[EventType "tourn"]
[EventRounds "13"]
[EventCountry "CZE"]
[SourceTitle "TD"]
[Source "ChessBase"]
[SourceDate "1994.03.01"]
[SourceVersion "1"]
[SourceVersionDate "1994.03.01"]
[SourceQuality "1"]

1. e4 c5 2. Nf3 Nc6 3. d4 cxd4 4. Nxd4 e6 5. Nc3 Qc7 6. Nb3 a6 7. f4 d6 8. Bd3 Nf6 9. 0-0 Be7 10. Kh1 b5 11. a3 0-0 12. Bd2 Rb8 13. Qe2 Bb7 14. Rae1 Nd7 15. Qh5 g6 16. Qh3 Bf6 17. Nd1 Bg7 18. Bc3 Rbe8 19. Bxg7 Kxg7 20. Nf2 f5 21. exf5 exf5 22. Qg3 Kh8 23. Nh3 Nc5 24. Nxc5 dxc5 25. c3 c4 26. Bb1 Nd8 27. Ng5 Bd5 28. Qf2 Qc6 29. Kg1 Kg8 30. Qh4 Qc7 31. Kh1 Qb7 32. Qg3 Qc6 1/2-1/2

[Event "POL-ch (Women)"]
[Site "Swieradow"]
[Date "1992.??.??"]
[Round "9"]
[White "Lewandowska, Katarzyna"]
[Black "Sikora Gizynska, Bozena"]
[Result "1/2-1/2"]
[WhiteElo "2120"]
[BlackElo "2225"]
[PlyCount "93"]
[EventDate "1992.??.??"]
[EventType "tourn"]
[EventRounds "13"]
[EventCountry "POL"]
[SourceTitle "EXT 2000"]
[Source "ChessBase"]
[SourceDate "1999.11.16"]
[SourceVersion "1"]
[SourceVersionDate "1999.11.16"]
[SourceQuality "1"]

1. d4 Nf6 2. c4 e6 3. Nc3 Bb4 4. Qc2 d5 5. cxd5 exd5 6. Bg5 h6 7. Bh4 g5 8. Bg3 Ne4 9. e3 Nc6 10. Bd3 Bf5 11. f3 Nxg3 12. hxg3 Bxd3 13. Qxd3 Qd6 14. Nge2 0-0-0 15. Kf2 Qe6 16. g4 Ne7 17. Ng3 Bxc3 18. bxc3 Rd6 19. Nf5 Rb6 20. Rab1 Nxf5 21. Rxb6 axb6 22. gxf5 Qd6 23. g4 c6 24. c4 Kc7 25. cxd5 Qxd5 26. Qb3 Qxb3 27. axb3 c5 28. dxc5 bxc5 29. f4 f6 30. fxg5 fxg5 31. e4 Kd6 32. Ke3 b6 33. Rd1+ Ke7 34. e5 h5 35. Ra1 Kd7 36. Rd1+ Ke8 37. e6 hxg4 38. f6 Rf8 39. Rf1 g3 40. Rf5 g4 41. Ke2 b5 42. Kf1 c4 43. bxc4 bxc4 44. Kg2 c3 45. Kxg3 c2 46. Rc5 Rxf6 47. Rxc2 1/2-1/2

[Event "POL-ch (Women)"]
[Site "Swieradow"]
[Date "1992.??.??"]
[Round "7"]
[White "Sadkiewicz, Joanna"]
[Black "Sikora Gizynska, Bozena"]
[Result "1-0"]
[WhiteElo "2185"]
[BlackElo "2225"]
[PlyCount "69"]
[EventDate "1992.??.??"]
[EventType "tourn"]
[EventRounds "13"]
[EventCountry "POL"]
[SourceTitle "EXT 2000"]
[Source "ChessBase"]
[SourceDate "1999.11.16"]
[SourceVersion "1"]
[SourceVersionDate "1999.11.16"]
[SourceQuality "1"]

1. e4 c5 2. Nf3 e6 3. d4 cxd4 4. Nxd4 Nc6 5. Nc3 Qc7 6. Be2 a6 7. 0-0 Nf6 8. Kh1 Nxd4 9. Qxd4 Bc5 10. Qd3 h5 11. f4 Ng4 12. Nd1 b5 13. a4 Bb7 14. axb5 axb5 15. Rxa8+ Bxa8 16. e5 b4 17. c3 bxc3 18. Qxc3 Qb6 19. Qh3 Nf2+ 20. Nxf2 Bxf2 21. Bf3 Bc6 22. Bxc6 Qxc6 23. Bd2 Qa6 24. Rc1 0-0 25. Qxh5 Qd3 26. Bc3 Qe3 27. Rf1 Ra8 28. Qd1 Qa7 29. Qf3 Bc5 30. f5 Bf8 31. fxe6 dxe6 32. Bd4 Qa6 33. Qxf7+ Kh7 34. Rf3 Qa1+ 35. Bg1 1-0

[Event "POL-ch (Women)"]
[Site "Swieradow"]
[Date "1992.??.??"]
[Round "8"]
[White "Sikora Gizynska, Bozena"]
[Black "Socko, Monika"]
[Result "1/2-1/2"]
[WhiteElo "2225"]
[BlackElo "2175"]
[PlyCount "86"]
[EventDate "1992.??.??"]
[EventType "tourn"]
[EventRounds "13"]
[EventCountry "POL"]
[SourceTitle "EXT 2000"]
[Source "ChessBase"]
[SourceDate "1999.11.16"]
[SourceVersion "1"]
[SourceVersionDate "1999.11.16"]
[SourceQuality "1"]

1. e4 e6 2. d4 d5 3. Nc3 Nf6 4. Bg5 Bb4 5. exd5 Qxd5 6. Nf3 Ne4 7. Bd2 Bxc3 8. Bxc3 Nc6 9. Bd3 e5 10. Qe2 Nxc3 11. bxc3 Qa5 12. 0-0 0-0 13. Nxe5 Nxe5 14. Qxe5 Qxc3 15. Rab1 Rb8 16. Rfe1 Bd7 17. Re3 Qc6 18. Be4 Qd6 19. Qxd6 cxd6 20. Rc3 Bc6 21. d5 Bd7 22. Rc7 Bc8 23. Rb3 f5 24. Bf3 Rf7 25. Rbc3 Bd7 26. Be2 f4 27. f3 Bf5 28. Kf2 Rxc7 29. Rxc7 Rc8 30. Rxc8+ Bxc8 31. Bd3 Kf7 32. g3 fxg3+ 33. hxg3 h6 34. f4 Kf6 35. Kf3 b6 36. Be4 h5 37. Ke3 Bf5 38. Bf3 g6 39. c3 Bb1 40. a3 Kf5 41. Be2 Ba2 42. Bf3 Bb1 43. Be2 Bc2 1/2-1/2

[Event "Prague Bohemians (Women)"]
[Site "Prague"]
[Date "1992.??.??"]
[Round "3"]
[White "Slabek, Agnieszka"]
[Black "Sikora Gizynska, Bozena"]
[Result "1/2-1/2"]
[WhiteElo "2155"]
[BlackElo "2225"]
[PlyCount "22"]
[EventDate "1992.??.??"]
[EventType "tourn"]
[EventRounds "13"]
[EventCountry "CZE"]
[SourceTitle "TD"]
[Source "ChessBase"]
[SourceDate "1994.03.01"]
[SourceVersion "1"]
[SourceVersionDate "1994.03.01"]
[SourceQuality "1"]

1. Nf3 Nf6 2. d4 d5 3. Bf4 e6 4. e3 Bd6 5. Bg3 0-0 6. Bd3 b6 7. c3 c5 8. Nbd2 Ba6 9. Bxa6 Nxa6 10. Qe2 Nc7 11. Ne5 h6 1/2-1/2